Dictamen de la comisión sobre ilegitimidad de poderes actuantes en 18 de julio de 1936 [y Apendice I]. (Record no. 56453)

MARC details
000 -LEADER
campo de control de longitud fija 00726nam a2200193 i 4500
001 - NÚMERO DE CONTROL
campo de control 56453
003 - IDENTIFICADOR DE NÚMERO DE CONTROL
campo de control ES-MaACL
005 - FECHA Y HORA DE LA ÚLTIMA TRANSACCIÓN
campo de control 20230906163355.0
007 - CAMPO FIJO DE DESCRIPCIÓN FÍSICA--INFORMACIÓN GENERAL
campo de control de longitud fija t|
008 - DATOS DE LONGITUD FIJA--INFORMACIÓN GENERAL
campo de control de longitud fija 031009s1939 sp ||||1| spa d
110 2# - ENTRADA PRINCIPAL--NOMBRE DE ENTIDAD CORPORATIVA
Nombre de entidad corporativa o nombre de jurisdicción como elemento de entrada Comisión sobre Ilegitimidad de Poderes Actuantes en 18 de Julio de 1936.
9 (RLIN) 168294
245 10 - MENCIÓN DEL TÍTULO
Título Dictamen de la comisión sobre ilegitimidad de poderes actuantes en 18 de julio de 1936 [y Apendice I].
260 ## - PUBLICACIÓN, DISTRIBUCIÓN, ETC.
Lugar de publicación, distribución, etc. Barcelona :
Nombre del editor, distribuidor, etc. Editora Nacional,
Fecha de publicación, distribución, etc. 1939.
300 ## - DESCRIPCIÓN FÍSICA
Extensión 2 v. ;
Dimensiones 24 cm.
500 ## - NOTA GENERAL
Nota general Precede al tít.: Estado español. Ministerio de la Gobernación.
500 ## - NOTA GENERAL
Nota general Con 1 apéndice.
650 #4 - PUNTO DE ACCESO ADICIONAL DE MATERIA--TÉRMINO DE MATERIA
Término de materia o nombre geográfico como elemento de entrada Gobierno representativo-
Subdivisión geográfica España-
Subdivisión cronológica 1936-1939.
9 (RLIN) 168295
852 ## - LOCALIZACIÓN
Ubicación ES-MaACL
Número de control de estantería P-829
Sublocalización o colección R.18386
Holdings
Estatus retirado Estado de pérdida Estado de daño No para préstamo Biblioteca de origen Biblioteca actual Ubicación en estantería Fecha de adquisición Fuente de adquisición Total de préstamos Signatura topográfica completa Código de barras Visto por última vez Precio de reemplazo Tipo de ítem Koha
        Biblioteca del Ateneo de Madrid Biblioteca del Ateneo de Madrid Depósito 2 17/01/2008     P-829 1059291 23/02/2023 23/02/2023 Libro impreso